| 000 | 00667cam a22002291 4500 | ||
|---|---|---|---|
| 001 | sa 65003452 | ||
| 003 | DLC | ||
| 005 | 20260227112123.0 | ||
| 008 | 890912s1963 ii 000 0 gujo | ||
| 010 | _asa 65003452 | ||
| 035 | _a(OCoLC)20330371 | ||
| 040 |
_aDLC _cWaU _dDLC |
||
| 042 | _apremarc | ||
| 050 | 0 | 0 |
_aPK1939 _b.D3 |
| 100 | 1 | _aDave, Janakaśaṅkara Manuśaṅkara. | |
| 245 | 1 | 0 | _aHindīnā vikāsamāṃ Gujarātīono phāḷo. |
| 260 | _c[1963] | ||
| 300 |
_a7, 223 p. _c18 cm. |
||
| 410 | 2 | 0 |
_aGujarat Vidyapith. _tGūjarāta vidyāpīṭha granthāvali, _v132 |
| 500 | _aIn Gujarati. | ||
| 650 | 0 |
_aHindi language _xForeign elements _xGujarati. |
|
| 999 |
_c63171 _d63171 |
||